000 00913nam0a22002651 4500
001 rc\1025195
005 20041129102744.0
035 _a(NLR Aleph) 006189434
090 _a6150497
_c6150497
100 _a20041129d1981 u |0rusy50 ca
101 0 _arus
102 _aRU
105 _aa |||||||||
200 1 _aПневмогастрография
_eАтлас
_fЛ.М. Портной, А.М. Сазонов, В.О. Нефедова
210 _aМ.
_cОб-ние "Медучпособие"
_d1981
215 _a152 с.
_cил.
_d27
320 _aБиблиогр.: с. 151-152
700 1 _aПортной
_bЛ. М.
_gЛев Маркович
701 1 _aСазонов
_bА. М.
_gАлександр Михайлович
701 1 _aНефедова
_bВ. О.
_gВалерия Осиповна
801 0 _aRU
_bNLR
_gpsbo
801 1 _aRU
_bELAR
_2rusmarc
852 _aNLR
_j81-7/874
942 _cBOOK
980 _aNB